| 000 | 00458cam a2200169ua 4500 | ||
|---|---|---|---|
| 041 |
_aeng _h |
||
| 082 |
_a306.344 _bKEL/CO |
||
| 100 | _aKelsey, Lincoln david . | ||
| 245 |
_aCo operative extension work / _cLincoln david Kelsey. _hTextual Documents |
||
| 250 |
_a2 / _b. |
||
| 260 |
_aNewyork : _bComstock publishing associates , _c1957. |
||
| 300 | _a424 ; . | ||
| 504 | _a | ||
| 700 | 1 | _aHearne, Cannon chiles . | |
| 942 | _cBK | ||
| 999 |
_c2321 _d2321 |
||